000 00591nam a2200145Ia 4500
008 151213s9999 xx 000 0 und d
100 _aগোলাম মোস্তাকীম।
245 _aসৈয়দ মুজতবা আলী : প্রসঙ্গ, অপ্রসঙ্গ।
_cগোলাম মোস্তাকীম।
260 _aঢাকা
_bস্টুডেন্ট ওয়েজ।
_cevs- 1409
300 _a8778 p.
650 _aBangla
650 _aৎপ্রবন্ধ
700 _aগোলাম মোস্তাকীম।
999 _c4563
_d4563